<?xml version="1.0" encoding="UTF-8"?>
<collection xmlns="http://www.loc.gov/MARC21/slim">
<record>
  <controlfield tag="001">344743</controlfield>
  <controlfield tag="005">20230827173512.0</controlfield>
  <datafield tag="024" ind1="7" ind2=" ">
    <subfield code="a">G:(EU-Grant)190118954</subfield>
    <subfield code="d">190118954</subfield>
    <subfield code="2">CORDIS</subfield>
  </datafield>
  <datafield tag="024" ind1="7" ind2=" ">
    <subfield code="a">G:(EU-Call)HORIZON-EIC-2022-ACCELERATOR-01</subfield>
    <subfield code="d">HORIZON-EIC-2022-ACCELERATOR-01</subfield>
    <subfield code="2">CORDIS</subfield>
  </datafield>
  <datafield tag="024" ind1="7" ind2=" ">
    <subfield code="a">corda_____he::190118954</subfield>
    <subfield code="2">originalID</subfield>
  </datafield>
  <datafield tag="035" ind1=" " ind2=" ">
    <subfield code="a">G:(EU-Grant)190118954</subfield>
  </datafield>
  <datafield tag="150" ind1=" " ind2=" ">
    <subfield code="a">AXILES Bionics: Solaris Project</subfield>
    <subfield code="y">2023-07-01 - 2025-06-30</subfield>
  </datafield>
  <datafield tag="372" ind1=" " ind2=" ">
    <subfield code="a">HORIZON-EIC-2022-ACCELERATOR-01</subfield>
    <subfield code="s">2023-07-01</subfield>
    <subfield code="t">2025-06-30</subfield>
  </datafield>
  <datafield tag="450" ind1=" " ind2=" ">
    <subfield code="a">Solaris Project</subfield>
    <subfield code="w">d</subfield>
    <subfield code="y">2023-07-01 - 2025-06-30</subfield>
  </datafield>
  <datafield tag="680" ind1=" " ind2=" ">
    <subfield code="a">Lower-limb amputees face physical and psychological pains that marketed prostheses are unable to relieve. Axiles Bionics aims to fill the clear world-wide market gap with next-generation bionic prostheses combining advanced robotics &amp; AI, ensuring complete adaptation to amputee’s lifestyle. By virtue of its features, our technology creates a revolutionary cost-effective market concept “Prosthetics-as-a-Service” (PraaS) with our Solaris design. Our PraaS model ensures component-to-component maintenance, daily data gathering &amp; monitoring system, predictive maintenance, and continuous upgrades. The fitness to the job-to-be-done of our solution has been already proven by in-house studies, where more than 85% of tested subjects expressed their astonishment and defined it as a must-have. Data from these studies show significant increase natural gait, less peripheral pains (knees/hips/back) and restoring of physical and mental balance, clear proof of the superior added value of our solution.</subfield>
  </datafield>
  <datafield tag="909" ind1="C" ind2="O">
    <subfield code="o">oai:juser.fz-juelich.de:1014103</subfield>
    <subfield code="p">authority:GRANT</subfield>
    <subfield code="p">authority</subfield>
  </datafield>
  <datafield tag="510" ind1="1" ind2=" ">
    <subfield code="0">I:(DE-588b)5098525-5</subfield>
    <subfield code="a">European Union</subfield>
    <subfield code="2">CORDIS</subfield>
  </datafield>
  <datafield tag="980" ind1=" " ind2=" ">
    <subfield code="a">G</subfield>
  </datafield>
  <datafield tag="980" ind1=" " ind2=" ">
    <subfield code="a">CORDIS</subfield>
  </datafield>
  <datafield tag="980" ind1=" " ind2=" ">
    <subfield code="a">AUTHORITY</subfield>
  </datafield>
  <datafield tag="909" ind1="C" ind2="O">
    <subfield code="o">oai:juser.fz-juelich.de:1014103</subfield>
  </datafield>
</record>
</collection>